书目信息 |
| 题名: |
初等数学复习及研究
|
|
| 作者: | 梁绍鸿 编 | |
| 分册: | ||
| 出版信息: | 北京 人民教育出版社 1958 |
|
| 页数: | 481页 | |
| 开本: | 20cm | |
| 丛书名: | ||
| 单 册: | ||
| 中图分类: | O123.1 | |
| 科图分类: | ||
| 主题词: | 初等数学 | |
| 电子资源: | ||
| ISBN: | ||
| 000 | 00653nam0 2200229 450 | |
| 001 | 0758362425 | |
| 005 | 20080428094058.68 | |
| 010 | @dCNY1.20 | |
| 100 | @a20070923d1958 km y0chiy0120 ea | |
| 101 | 0 | @achi |
| 102 | @aCN@b110000 | |
| 102 | @aCN@b110000 | |
| 200 | 1 | @a初等数学复习及研究@Achu deng shu xue fu xi ji yan jiu@e平面几何@f梁绍鸿编@Fliang shao hong bian |
| 210 | @a北京@c人民教育出版社@d1958 | |
| 215 | @a481页@d20cm | |
| 300 | @a高等学校教学参考书 | |
| 517 | 1 | @a平面几何@Aping mian ji he |
| 606 | 0 | @a初等数学 |
| 690 | @aO123.1@v3 | |
| 701 | 0 | @a梁绍鸿@Aliang shao hong@4编 |
| 801 | 0 | @aCN@bPFT@c20080428 |
| 905 | @a10447@dO123.1@e15 | |
| 初等数学复习及研究:平面几何/梁绍鸿编.-北京:人民教育出版社,1958 |
| 481页;20cm |
| 高等学校教学参考书 |
| ISBN :CNY1.20 |
| ● |
| 相关链接 |
|
|
|
|
正题名:初等数学复习及研究
索取号:O123.1/15
 
预约/预借
| 序号 | 登录号 | 条形码 | 馆藏地/架位号 | 状态 | 备注 |
| 1 | 0609713 | 206097132 | 密集书库/ [索取号:O123.1/15] | 在馆 | |
| 2 | 624576 | 206245767 | 第二样本阅览室/ [索取号:O123.1/15] | 在馆 |